[Event "Las Palmas"]
[Site "Las Palmas"]
[Date "1991.??.??"]
[Round "7"]
[White "Garcia Padron, J."]
[Black "Topalov, Veselin"]
[Result "1/2-1/2"]
[WhiteElo "2445"]
[BlackElo "2455"]

1.d4 Nf6 2.c4 g6 3.Nc3 Bg7 4.e4 d6 5.Nf3 O-O 6.Be2 e5 7.dxe5 dxe5 8.Qxd8 Rxd8
9.Bg5 c6 10.Nxe5 Re8 11.O-O-O Na6 12.Nf3 h6 13.Bf4 Nxe4 14.Nxe4 Rxe4 15.Rd8+ Kh7
16.Be3 Bf6 17.Rd2 Bg4 18.b3 Bc3 19.Rd3 Bb4 20.h3 Ba3+ 21.Kd1 Bxf3 22.Bxf3 Re7
23.Re1 Rae8 24.Re2 Nc5 25.Rd4 Ne6 26.Rd3 Bc5 27.Bxc5 Nxc5 28.Rxe7 Rxe7 29.Rd4 Ne6
30.Rd3 a5 31.h4 Kg7 32.Kd2 h5 33.g3 c5 34.Rd5 Nd4 35.Bd1 b6 36.a3 Nc6 37.Rd6 Re6
38.Rxe6 fxe6 39.Ke3 Kf6 40.Ke4 Ne7 41.Kf4 Nf5  1/2-1/2

[Event "Las Palmas op"]
[Site "Las Palmas"]
[Date "1991.??.??"]
[Round "9"]
[White "Anguix Garrido, Juan Francisco"]
[Black "Todorcevic, Miodrag"]
[Result "1/2-1/2"]
[WhiteElo "2300"]
[BlackElo "2480"]

1.d4 g6 2.c4 Bg7 3.Nc3 d6 4.e4 Nd7 5.Nf3 e5 6.Be2 Ngf6 7.O-O O-O 8.Qc2 c6
9.d5 c5 10.a3 Ne8 11.b4 b6 12.Rb1 h6 13.Bd3 Ndf6 14.Bd2 Nh5 15.g3 Bg4 16.Be2 f5
17.Nh4 Bxe2 18.Nxe2 Qf6 19.exf5 gxf5 20.Qxf5 Qxf5 21.Nxf5 Rxf5 22.g4 Nf4
23.Nxf4 Rxf4 24.Bxf4 exf4 25.Kg2 Nf6 26.bxc5 dxc5 27.Rfe1 Nxg4 28.Re7 Ne5
29.Re1 f3+ 30.Kh3 Nf7 31.Kg4 Bf8 32.Rd7 Rd8 33.Rxa7 Nd6 34.Rg1 Kh8 35.Rc1 Bg7
36.Kxf3 Rf8+ 37.Ke2 Bd4 38.f3 Re8+ 39.Kf1 Rg8 40.Re1 Nxc4 41.Re6 Ne3+ 42.Ke2 Rg2+
43.Kd3 Nxd5 44.Rxh6+ Kg8 45.Rd6 Nf4+ 46.Ke4 Re2+ 47.Kf5 Re8 48.Rxd4 Rf8+
49.Ke4 cxd4 50.Kxd4 Rd8+ 51.Kc4 Rd1 52.Rb7 Rb1 53.a4 Rc1+ 54.Kd4 Rc6 55.Ra7 Ne2+
56.Kd5 Rh6 57.Kc4 Rh5 58.Rb7 Rc5+ 59.Kb4  1/2-1/2

[Event "Leningrad op"]
[Site "Leningrad"]
[Date "1991.??.??"]
[Round "?"]
[White "Cherepkov, Alexander V"]
[Black "Ivanov, V."]
[Result "1-0"]
[WhiteElo "2425"]
[BlackElo "2315"]

1.d4 Nf6 2.c4 g6 3.Nc3 Bg7 4.e4 d6 5.Be2 O-O 6.Nf3 e5 7.O-O Na6 8.Be3 Ng4
9.Bg5 Qe8 10.dxe5 h6 11.Bh4 dxe5 12.Nd5 c6 13.Ne7+ Kh7 14.Nxc8 Rxc8 15.Qd6 f5
16.exf5 g5 17.Bg3 Rd8 18.Qa3 Nf6 19.Rad1 Nd7 20.Nd2 e4 21.Nxe4 Qxe4 22.Bd3 Qd4
23.f6+ Kh8 24.fxg7+ Qxg7 25.Bd6  1-0

[Event "Leningrad op"]
[Site "Leningrad"]
[Date "1991.??.??"]
[Round "?"]
[White "Belov, Igor"]
[Black "Kuzmin, Gennadi P"]
[Result "1/2-1/2"]
[WhiteElo "2440"]
[BlackElo "2535"]

1.Nf3 Nf6 2.c4 g6 3.Nc3 Bg7 4.e4 O-O 5.d4 d6 6.Be2 e5 7.O-O exd4 8.Nxd4 Re8
9.f3 c6 10.Kh1 Nbd7 11.Bg5 a5 12.Qd2 a4 13.Rfd1 Qa5 14.Rab1 Nh5 15.Be3 Ne5
16.b4 axb3 17.axb3 f5 18.Bf1 fxe4 19.b4 Qc7 20.Nxe4 Nf6 21.Nxf6+ Bxf6 22.Bg5 Bg7
23.c5 dxc5 24.bxc5 Qa5 25.Qc2 Nf7 26.Bc4 Kf8 27.Bxf7 Kxf7 28.Qc4+ Kf8 29.Bf4 Bf6
30.Bh6+ Bg7 31.Bf4 Bf6 32.Nb3 Qb5 33.Bh6+ Bg7 34.Qxb5 cxb5 35.Bxg7+ Kxg7
36.Nd4  1/2-1/2

[Event "Leon"]
[Site "Leon"]
[Date "1991.??.??"]
[Round "?"]
[White "Bass, Leonid"]
[Black "Magem Badals, Jorge"]
[Result "1/2-1/2"]
[WhiteElo "2495"]
[BlackElo "2490"]

1.d4 Nf6 2.c4 g6 3.Nc3 Bg7 4.e4 d6 5.Nf3 O-O 6.Be2 e5 7.dxe5 dxe5 8.Qxd8 Rxd8
9.Bg5 Re8 10.Nd5 Nxd5 11.cxd5 c6 12.Bc4 cxd5 13.Bxd5 Na6 14.Ke2 Nc7 15.Bb3 Bd7
16.Rhd1 Bc6 17.Rac1 Ne6 18.Bd5 Bxd5 19.exd5 Nd4+ 20.Kf1 h6 21.Nxd4 exd4 22.Bf4 Rad8
23.Rc7 Rxd5 24.Rxb7 Rc5 25.Rb8 Rxb8 26.Bxb8 a5  1/2-1/2

[Event "Leon"]
[Site "Leon"]
[Date "1991.??.??"]
[Round "?"]
[White "Bass, Leonid"]
[Black "Romero Holmes, Alfonso"]
[Result "1/2-1/2"]
[WhiteElo "2495"]
[BlackElo "2485"]

1.d4 Nf6 2.c4 g6 3.Nc3 Bg7 4.e4 d6 5.Nf3 O-O 6.Be2 Nbd7 7.O-O e5 8.Re1 c6
9.Bf1 a6 10.dxe5 dxe5 11.b4 Qe7 12.Rb1 Ne8 13.Qc2 Nc7 14.Bg5 f6 15.Be3 Ne6
16.c5 Kh8 17.Bc4 f5 18.exf5 gxf5 19.Rbd1 e4 20.Bxe6 Qxe6 21.Bd4 Qf7 22.Ng5 Qg6
23.Bxg7+ Kxg7 24.Ncxe4 fxe4 25.Qc3+ Qf6 26.Qg3 Qg6 27.Rxe4 Nf6 28.Re7+ Kh8
29.Qe5 Kg8 30.h3 Bf5 31.Ne6 Bxe6 32.Qxe6+ Rf7 33.Rxb7 Nd5 34.Qxf7+ Qxf7 35.Rxf7 Kxf7
36.Rd4 Nc3 37.Rd7+ Ke6 38.Rd6+ Ke7 39.Rxc6 Nxa2 40.Rb6 Kd7 41.c6+ Kd6 42.b5 axb5
43.Rxb5 Kxc6 44.Rf5 Ra7 45.g4 Nc3 46.Kg2 Nd5 47.Kg3 Kc5 48.h4 Kd6 49.h5 Ke6
50.Rf3 Ra1 51.Rb3 Rg1+ 52.Kf3 Nf6 53.Rb6+ Kf7 54.Rb7+ Kg8 55.Rb4 Kg7 56.Rf4 Nd7
57.Rf5 Nf8 58.Rg5+ Kf6 59.Rf5+ Ke7 60.Re5+ Ne6 61.Ra5 h6 62.Re5 Ra1 63.Kg3 Ra3+
64.f3 Kf6 65.Rf5+ Kg7 66.Rd5  1/2-1/2

[Event "ESP-chT"]
[Site "Linares"]
[Date "1991.??.??"]
[Round "8"]
[White "Garcia Padron, Jose"]
[Black "Cramling, Pia"]
[Result "0-1"]
[WhiteElo "2445"]
[BlackElo "2470"]

1.d4 Nf6 2.Nf3 g6 3.c4 Bg7 4.Nc3 O-O 5.e4 d6 6.Be2 e5 7.O-O Na6 8.Re1 Qe8
9.Bf1 Bg4 10.d5 Nb4 11.Be2 a5 12.h3 Bd7 13.Nd2 Na6 14.Nb3 b6 15.Bf1 Nh5 16.Bd2 f5
17.exf5 gxf5 18.Nd4 Qg6 19.Ne6 Bxe6 20.dxe6 Rae8 21.Nd5 Rxe6 22.c5 Nxc5 23.Nxc7 Re7
24.Nd5 Rb7 25.b4 axb4 26.Bxb4 Kh8 27.Rb1 Rg8 28.a4 e4 29.a5 b5 30.Qc2 Ne6
31.Red1 Nd4 32.Rxd4 Bxd4 33.Rd1 Be5 34.Qc6 Rbg7 35.Bc3 Qe6 36.Bxe5 Qxe5 37.a6 f4
38.Qc3 Qxc3 39.Nxc3 f3 40.g3 e3 41.fxe3 Nxg3 42.Kf2 b4 43.Nb5 Nxf1 44.Rxf1 Rg2+
45.Kxf3 R2g5 46.Nxd6 Rf8+ 47.Ke2 Rg2+ 48.Ke1 Rxf1+ 49.Kxf1 Ra2 50.a7 b3 51.Nc4 Rxa7  0-1

[Event "Lippstadt"]
[Site "Lippstadt"]
[Date "1991.??.??"]
[Round "2"]
[White "Gruenberg, Hans Ulrich"]
[Black "Bosboom, Manuel"]
[Result "1/2-1/2"]
[WhiteElo "2485"]
[BlackElo "2480"]

1.d4 Nf6 2.c4 d6 3.Nf3 g6 4.Nc3 Bg7 5.e4 O-O 6.Be2 e5 7.O-O Nbd7 8.Be3 exd4
9.Nxd4 c6 10.Qd2 Re8 11.f3 d5 12.exd5 cxd5 13.Rad1 a6 14.cxd5 Nb6 15.Nc2 Bf5
16.Bd3 Nfxd5 17.Nxd5 Nxd5 18.Bxf5 Nxe3 19.Nxe3 Qxd2 20.Rxd2 Bh6 21.f4 Rxe3
22.Bd7 Rd8 23.g3 Bf8 24.Rfd1 Bb4 25.Rd5 Re2 26.Bg4 Bc5+ 27.Kh1 Rxd5 28.Bxe2 Rxd1+  1/2-1/2

[Event "Lippstadt"]
[Site "Lippstadt"]
[Date "1991.??.??"]
[Round "5"]
[White "Hoffmann, Michael"]
[Black "Gruenberg, Hans Ulrich"]
[Result "1/2-1/2"]
[WhiteElo "2370"]
[BlackElo "2485"]

1.d4 Nf6 2.c4 g6 3.Nc3 Bg7 4.e4 d6 5.Be2 O-O 6.Nf3 e5 7.d5 a5 8.Bg5 h6 9.Bh4 Na6
10.O-O Bd7 11.b3 Qe8 12.Nd2 Nh7 13.a3 f5 14.exf5 gxf5 15.Bh5 Qc8 16.Be7 Re8
17.Bxe8 Qxe8 18.Bh4 e4 19.Rc1 Nc5 20.Rc2 Nf8 21.Ne2 Ng6 22.Bg3 Nd3 23.f3 h5  1/2-1/2

[Event "POR-ch"]
[Site "Lisboa"]
[Date "1991.??.??"]
[Round "7"]
[White "Santos, Carlos P"]
[Black "Ferreira, A."]
[Result "0-1"]
[WhiteElo "2405"]
[BlackElo "2135"]

1.d4 Nf6 2.c4 g6 3.Nc3 Bg7 4.e4 d6 5.Nf3 O-O 6.Be2 e5 7.d5 a5 8.Bg5 h6 9.Bh4 Na6
10.Nd2 Bd7 11.O-O g5 12.Bg3 Qc8 13.Rb1 Kh8 14.b3 Rg8 15.a3 Bf8 16.b4 axb4
17.axb4 b6 18.Rb2 Be7 19.Re1 Qf8 20.Nf1 Qg7 21.Ne3 h5 22.h3 Qh7 23.Nf5 Bxf5
24.exf5 h4 25.Bh2 Qxf5 26.Bd3 Qd7 27.Qf3 g4 28.Qe3 Rg7 29.hxg4 Qxg4 30.f4 Nh5
31.Qe2 Qxe2 32.Bxe2 Nxf4 33.Bxf4 exf4 34.Ra1 Bf6 35.Rb3 Rag8 36.Rxa6 Rxg2+
37.Kf1 Rg1+ 38.Kf2 R8g2+ 39.Kf3 Rg3+ 40.Kxf4 Bxc3 41.Bf3 Be5+ 42.Ke4 h3 43.Ra2 Rf1
44.Re3 f5+ 45.Kxf5 Rfxf3+ 46.Rxf3 Rxf3+ 47.Kg6 Rg3+ 48.Kf7 Rg7+  0-1

[Event "ESP-ch"]
[Site "Lleida"]
[Date "1991.??.??"]
[Round "7"]
[White "Lezcano Jaen, Pedro"]
[Black "Garcia, Alb"]
[Result "0-1"]
[WhiteElo "2200"]
[BlackElo "2335"]

1.Nf3 Nf6 2.c4 g6 3.Nc3 Bg7 4.e4 d6 5.d4 O-O 6.Be2 Nbd7 7.O-O e5 8.Be3 Ng4
9.Bg5 f6 10.Bh4 Nh6 11.dxe5 dxe5 12.Nd2 c6 13.Rb1 Qe7 14.b4 Rd8 15.c5 Nf7
16.Qc2 Nf8 17.Bc4 Be6 18.Bb3 a5 19.a3 axb4 20.axb4 Bh6 21.Rfd1 Bxd2 22.Rxd2 Bxb3
23.Rxb3 Rxd2 24.Qxd2 Qe6 25.Rb1 g5 26.Bg3 Qc4 27.f3 Ne6 28.Nd1 Ra2 29.Ne3 Qa6
30.Qc3 Nd4 31.Kh1 h5 32.h4 g4 33.fxg4 Ne2 34.Qe1 Qd3 35.Bf2 Qxe4 36.gxh5 Nf4
37.Qg1 Nh6 38.Ra1 Nh3 39.Rxa2 Nxg1 40.Ra8+ Kg7 41.Kxg1 Qxb4  0-1

[Event "ESP-ch"]
[Site "Lleida"]
[Date "1991.??.??"]
[Round "8"]
[White "Lezcano Jaen, Pedro"]
[Black "Serra Olives, Tomas"]
[Result "1-0"]
[WhiteElo "2200"]
[BlackElo "2200"]

1.Nf3 Nf6 2.c4 g6 3.Nc3 Bg7 4.e4 d6 5.d4 O-O 6.Be2 e5 7.dxe5 dxe5 8.Qxd8 Rxd8
9.Bg5 Re8 10.O-O-O a6 11.Nxe5 Nxe4 12.Nxe4 Bxe5 13.Bf3 Nd7 14.Rhe1 Rb8 15.g3 Kg7
16.Bg2 f5 17.Nc3 h6 18.Be3 Nf6 19.Ba7 Ra8 20.Rxe5 Rxa7 21.Rxe8 Nxe8 22.Rd8  1-0

[Event "URS-ESP mT"]
[Site "Logrono"]
[Date "1991.??.??"]
[Round "?"]
[White "Dorfman, Josif D"]
[Black "Romero Holmes, Alfonso"]
[Result "1-0"]
[WhiteElo "2600"]
[BlackElo "2485"]

1.d4 Nf6 2.c4 g6 3.Nc3 Bg7 4.e4 d6 5.Nf3 O-O 6.Be2 Nbd7 7.O-O e5 8.Qc2 Ng4
9.Bg5 f6 10.Bh4 h5 11.h3 Nh6 12.dxe5 dxe5 13.Rad1 Re8 14.c5 c6 15.b4 Qe7
16.Nd2 Nf8 17.Nc4 Nf7 18.Nd6 Rd8 19.Nxc8 Raxc8 20.Bc4 Ne6 21.Ne2 Bh6 22.Qb3 Rxd1
23.Rxd1 Rd8 24.Rxd8+ Nfxd8 25.f3 Kg7 26.Qd3 Nf8 27.Be1 Qd7 28.Qxd7+ Nxd7
29.h4 Nf8 30.Kf2 Nfe6 31.g3 Kf8 32.Bc3 Ke7 33.a3 Nf7 34.Bb2 Bd2 35.Nc1 Bh6
36.Nb3 Nfd8 37.Ke2 Kd7 38.Bc3 Ke7 39.a4 a6 40.Na5 Kd7 41.Ba2 Ke7 42.Bc4 Kd7
43.Nb3 Ke7 44.Kf2 Nf7 45.Bf1 Nfd8 46.Bh3 Kf7 47.Ke2 Ke7 48.Be1 Kd7 49.Bf2 Kc7
50.Be3 Bxe3 51.Kxe3 Ng7 52.f4 Nf7 53.Nd2 g5 54.hxg5 fxg5 55.fxg5 Nxg5 56.Bf5 a5
57.bxa5 N5e6 58.Bxe6 Nxe6 59.Nc4 Nxc5 60.Nxe5 Nxa4 61.Nd3 Kd6 62.Kd4 c5+
63.Kc4 Kc6 64.Ne5+ Kd6 65.Nf7+ Kc6 66.Kb3 b5 67.Ne5+  1-0

[Event "URS-ESP mT"]
[Site "Logrono"]
[Date "1991.??.??"]
[Round "?"]
[White "Epishin, Vladimir"]
[Black "Romero Holmes, Alfonso"]
[Result "1/2-1/2"]
[WhiteElo "2615"]
[BlackElo "2485"]

1.d4 Nf6 2.c4 g6 3.Nc3 Bg7 4.e4 d6 5.Nf3 O-O 6.Be2 Nbd7 7.O-O e5 8.Re1 c6
9.Bf1 a6 10.Rb1 b5 11.b4 exd4 12.Nxd4 Qc7 13.Be3 Bb7 14.cxb5 cxb5 15.Rc1 Qb8
16.Nb3 Ne5 17.Bd4 Nc6 18.Bxf6 Bxf6 19.Nd5 Bd8 20.a3 Ne5 21.Rc2 Bxd5 22.Qxd5 Bb6
23.h3 Qd8 24.Rd1 Ra7 25.Kh1 h5 26.Qd2 Qh4 27.Qe2 Nc4 28.Qf3 Nxa3 29.g3 Qe7
30.Rc6 Nc4 31.Bxc4 bxc4 32.Nd2 Rc7 33.Rxb6 c3 34.Nb3 c2 35.Rc1 Qe5 36.Qe2 Qb2
37.Qd2 Qxb3 38.Rxd6 Qf3+ 39.Kg1 Qxe4 40.Rxa6 Rfc8 41.Rd6 Qc4 42.b5 Qxb5 43.Rd8+ Kh7
44.Rd5 Qb2 45.g4 Rb8 46.Kg2 Qxc1 47.Qxc1 Rb1 48.Rd7 Rxc1 49.Rxc7 Kh6 50.gxh5 Kxh5
51.Rc5+ Kh6 52.Rc8 f5 53.Rc7  1/2-1/2

[Event "London WFW"]
[Site "London"]
[Date "1991.??.??"]
[Round "?"]
[White "Suba, Mihai"]
[Black "Davies, Nigel R"]
[Result "1/2-1/2"]
[WhiteElo "2540"]
[BlackElo "2500"]

1.c4 g6 2.Nc3 Bg7 3.d4 d6 4.e4 Nf6 5.Nf3 O-O 6.Be2 e5 7.Be3 c6 8.O-O exd4
9.Bxd4 Re8 10.Qc2 Nbd7 11.Rad1 Qe7 12.Nd2 Nc5 13.Rfe1 Bh6 14.f3 a5 15.Bf1 Nfd7
16.Bf2 Bg7 17.Nb3 Nxb3 18.axb3 Nc5 19.g3 Qc7 20.f4 Bg4 21.Be2 Bxe2 22.Rxe2 Rad8
23.e5 Ne6 24.exd6 Rxd6 25.f5 Rxd1+ 26.Nxd1 gxf5 27.Qxf5 Rd8 28.Nc3 Qd7 29.Qxa5 Qd3
30.Qh5 Ra8 31.Kg2 Ra1 32.Ne4 Qd1 33.Be1 h6 34.Nc5 Nf8 35.Qf3 b6 36.Na4 b5
37.Nc3 Qxb3 38.cxb5 cxb5 39.Qe4 Qc4 40.Qxc4 bxc4 41.Nd5 Ne6 42.h4 Bxb2 43.Rxb2 Rxe1
44.Rc2 Re5 45.Nf6+ Kg7 46.Ne8+ Kg6 47.Nd6 Rc5 48.Rxc4 Rxc4 49.Nxc4 f6 50.Kf3 Nd4+
51.Ke3 Ne6 52.Ke4 Nc5+ 53.Kd5 Nd3 54.Kd4 Nf2 55.Ke3 Nd1+ 56.Kf3 Nc3 57.Ne3 f5
58.Nc2 Nd5 59.Na3 Kh5 60.Nc4 Kg6 61.Ne5+ Kf6  1/2-1/2

[Event "Lloyds Bank op"]
[Site "London"]
[Date "1991.??.??"]
[Round "2"]
[White "Rossiter, Philip J"]
[Black "Smart, Leslie"]
[Result "0-1"]
[WhiteElo "2320"]
[BlackElo "2210"]

1.d4 Nf6 2.c4 g6 3.Nc3 Bg7 4.e4 d6 5.Nf3 O-O 6.Be2 e5 7.d5 a5 8.Bg5 h6 9.Bh4 g5
10.Bg3 Nh5 11.h4 g4 12.Nh2 Nxg3 13.fxg3 h5 14.O-O c6 15.Rf2 cxd5 16.cxd5 f5
17.exf5 Bxf5 18.Bd3 Qb6 19.Bxf5 Rxf5 20.Qc2 e4 21.Nxe4 Nd7 22.Kh1 Rxf2 23.Nxf2 Qxb2
24.Qxb2 Bxb2 25.Rb1 Be5 26.Nf1 Nc5 27.Nd2 Bxg3 28.Nfe4 Nxe4 29.Nxe4 Be5 30.Rxb7 Rc8
31.Rb1 Rc4 32.Ng5 Kg7 33.Rf1 a4 34.Ne6+ Kg6 35.Nf8+ Kg7 36.Nd7 Bg3 37.Nf6 Kg6
38.Ne8 Rf4 39.Rb1 Rf8 40.Nc7 Rc8 41.Ne6 Bxh4 42.Nf4+ Kf5 43.Rf1 Ke4 44.Kh2 Bg5
45.Nxh5 Rh8 46.Kg3 Rxh5 47.Kxg4 Rh8 48.Kxg5 Rg8+ 49.Kh4 Rxg2 50.a3 Ra2 51.Rb1 Kxd5
52.Rb5+ Kc6 53.Ra5 Rxa3 54.Kg4 Ra1  0-1

[Event "Lloyds Bank op"]
[Site "London"]
[Date "1991.??.??"]
[Round "4"]
[White "Kumaran, Dharshan"]
[Black "Thipsay, Praveen Mahadeo"]
[Result "1-0"]
[WhiteElo "2330"]
[BlackElo "2490"]

1.d4 Nf6 2.c4 g6 3.Nc3 Bg7 4.e4 d6 5.Nf3 O-O 6.Be2 e5 7.d5 a5 8.Be3 Ng4 9.Bg5 f6
10.Bh4 Nh6 11.Nd2 Na6 12.a3 Bd7 13.O-O Qe8 14.b4 f5 15.Rb1 axb4 16.axb4 Bf6
17.Bxf6 Rxf6 18.c5 dxc5 19.Bxa6 bxa6 20.bxc5 f4 21.d6 Be6 22.Nd5 Bxd5 23.exd5 cxd6
24.Ne4 Rf8 25.Nxd6 Qd8 26.f3 Qc7 27.Qc1 Rab8 28.Qa3 Nf5 29.Nxf5 gxf5 30.Rbc1 Rb5
31.Rfd1 e4 32.d6 Qc6 33.Qa2+ Kh8 34.Qd5 Qxd5 35.Rxd5 Kg7 36.d7 Rd8 37.Rdd1 Rb7
38.c6 Rc7 39.fxe4 fxe4 40.Rc4 Kf7 41.Rb1 e3 42.Kf1 Ke7 43.Re4+ Kf7 44.Rxf4+ Ke7
45.Re4+ Kf7 46.Rc4 Ke6 47.Rd1 a5 48.Ke2 a4 49.Re4+ Kf7 50.Rf1+  1-0

[Event "Lloyds Bank op"]
[Site "London"]
[Date "1991.??.??"]
[Round "4"]
[White "Lev, Ronen"]
[Black "Shirov, Alexei"]
[Result "1-0"]
[WhiteElo "2425"]
[BlackElo "2610"]

1.d4 Nf6 2.c4 g6 3.Nc3 Bg7 4.e4 d6 5.Nf3 O-O 6.Be2 e5 7.d5 a5 8.Nd2 Na6 9.Rb1 Nc5
10.b3 c6 11.O-O Bd7 12.Re1 Rc8 13.a3 Bh6 14.Bf1 cxd5 15.cxd5 Nd3 16.Bxd3 Rxc3
17.Qe2 Ng4 18.Nc4 Qh4 19.h3 Nxf2 20.Qxf2 Qxf2+ 21.Kxf2 Bxc1 22.Rbxc1 Rxd3
23.Re3 f5 24.Rxd3 fxe4+ 25.Ke3 exd3 26.Nxd6 Rf4 27.Rc4 d2 28.Kxd2 Rf2+ 29.Ke3 Rxg2
30.Rc7 Bxh3 31.Ne4 Bf5 32.d6 Kf8 33.Rxh7 Rg4 34.Nc5 Rd4 35.d7 b6 36.Rh8+ Kf7
37.d8=Q Rxd8 38.Rxd8 bxc5 39.Rd5 Be6 40.Rxc5 Bxb3 41.Rxa5 Ke6 42.Rb5 Bc4
43.Rb6+ Kd7 44.Ke4 g5 45.Kxe5 g4 46.Kf4 Kc7 47.Rb2 Be6 48.a4 Bd7 49.a5 Bc8
50.Rb1 Kc6 51.Rc1+  1-0

[Event "Lloyds Bank op"]
[Site "London"]
[Date "1991.??.??"]
[Round "6"]
[White "Karolyi, Tibor Jr"]
[Black "Timoshchenko, Gennadi A"]
[Result "0-1"]
[WhiteElo "2365"]
[BlackElo "2505"]

1.d4 Nf6 2.c4 g6 3.Nc3 Bg7 4.e4 d6 5.Nf3 O-O 6.Be2 e5 7.O-O Na6 8.Re1 c6
9.Bf1 Bg4 10.Be3 Nd7 11.d5 c5 12.h3 Bxf3 13.Qxf3 f5 14.a3 Nc7 15.Qd1 Ne8
16.exf5 gxf5 17.g4 e4 18.gxf5 Bxc3 19.bxc3 Ne5 20.Bg2 Qh4 21.Bd2 Rxf5 22.Rxe4 Qxf2+
23.Kh1 Nf6  0-1

[Event "USA-op Los Angeles"]
[Site "Los Angeles"]
[Date "1991.??.??"]
[Round "?"]
[White "Browne, Walter S"]
[Black "Brooks, Michael A"]
[Result "1/2-1/2"]
[WhiteElo "2525"]
[BlackElo "2455"]

1.d4 Nf6 2.c4 g6 3.Nc3 Bg7 4.e4 d6 5.Nf3 O-O 6.Be2 e5 7.O-O Nbd7 8.Be3 c6
9.d5 c5 10.Ne1 a6 11.a4 a5 12.Nd3 Ne8 13.Kh1 b6 14.g4 Ba6 15.b3 h6 16.Bf3 Kh7
17.Qd2 Rh8 18.Ne2 Qh4 19.Rg1 Ndf6 20.Rg3 Bc8 21.Rag1 Kg8 22.Qc1 Nh7 23.Nc3 Ng5
24.Be2 Nh3 25.R1g2 Ra7 26.Qf1 Re7 27.Qc1 Ng5 28.f3 Nh3 29.Nd1 Rb7 30.N1f2 Nxf2+
31.Nxf2 Qe7 32.f4 exf4 33.Bxf4 Nf6 34.g5 hxg5 35.Bxg5 Qe8 36.Qf4 Nh5 37.Bxh5 Be5
38.Qf3 Rxh5 39.Bf4 Bxf4 40.Qxh5 Bxg3 41.Rxg3 Re7 42.Qg5 Rxe4 43.Nxe4 Qxe4+
44.Kg1 Qe1+ 45.Kg2 Qe2+ 46.Kg1 Qe1+  1/2-1/2

[Event "URS-ch (Women)"]
[Site "Lvov"]
[Date "1991.??.??"]
[Round "?"]
[White "Galliamova, Alisa"]
[Black "Chelushkina, Irina"]
[Result "0-1"]
[WhiteElo "2435"]
[BlackElo "2305"]

1.c4 g6 2.d4 Bg7 3.e4 d6 4.Nf3 Nf6 5.Nc3 O-O 6.Be2 Nbd7 7.O-O e5 8.dxe5 dxe5
9.b3 Re8 10.Ba3 h6 11.Qc2 Nh7 12.c5 c6 13.Nd2 Bf8 14.b4 a5 15.Nb3 axb4 16.Bxb4 b6
17.Rfd1 Qf6 18.a4 bxc5 19.Ba3 Ng5 20.a5 Ne6 21.Na4 Nd4 22.Nxd4 cxd4 23.Bxf8 Rxf8
24.Nb6 Nxb6 25.axb6 Rb8 26.Qc5 Bb7 27.Rd3 Rfe8 28.Rf3 Qe7 29.Qc1 Kg7 30.Bc4 Rf8
31.Rh3 Qg5 32.Qa3 c5 33.Qxc5 Bxe4 34.Rg3 Qf6 35.Rb3 Rfc8 36.Qb5 Rc6 37.b7 Rd6
38.Re1 Rxb7 39.Qa5 Rxb3 40.Bxb3 Ra6 41.Qc7 Rc6 42.Qa5 Bc2 43.Bd5 Ra6 44.Qc7 d3
45.Rf1 Ra4 46.g3 h5 47.h4 Rd4 48.Ba2 Ba4  0-1

[Event "Lyngby op"]
[Site "Lyngby"]
[Date "1991.??.??"]
[Round "7"]
[White "Adamski, Jan"]
[Black "Burgess, Graham"]
[Result "1-0"]
[WhiteElo "2375"]
[BlackElo "2275"]

1.Nf3 Nf6 2.c4 g6 3.Nc3 Bg7 4.e4 d6 5.d4 O-O 6.Be2 e5 7.O-O Na6 8.Be3 Ng4
9.Bg5 Qe8 10.dxe5 h6 11.Bd2 dxe5 12.h3 Nf6 13.Be3 Nh5 14.c5 Nf4 15.Bxa6 bxa6
16.Nd5 Nxd5 17.Qxd5 Rb8 18.b3 Qb5 19.Qd2 Kh7 20.Qc3 Bb7 21.Nxe5 Qe8 22.f4 Bxe4
23.Rad1 f5 24.c6 Rf7 25.Bxa7 Bxe5 26.fxe5 Rb5 27.e6 Qxe6 28.Rd8 Qf6 29.Qxf6 Rxf6
30.Bd4  1-0

[Event "Malaga op"]
[Site "Malaga"]
[Date "1991.??.??"]
[Round "8"]
[White "Rios, Alejandro"]
[Black "Garcia Luque, Agustin"]
[Result "0-1"]
[WhiteElo "2300"]
[BlackElo "2345"]

1.d4 Nf6 2.c4 g6 3.Nc3 Bg7 4.e4 d6 5.Nf3 O-O 6.Be2 e5 7.dxe5 dxe5 8.Qxd8 Rxd8
9.Bg5 Re8 10.O-O-O Na6 11.Ne1 Nc5 12.f3 Ne6 13.Be3 c6 14.Nc2 Nf4 15.Bf1 Be6
16.g3 N4h5 17.Be2 h6 18.Rd2 Nh7 19.Rhd1 N5f6 20.b4 Rec8 21.Kb2 Ne8 22.a3 f5
23.b5 Nhf6 24.Nb4 g5 25.exf5 Bxf5 26.Kb3 Be6 27.a4 a5 28.Nc2 g4 29.Na3 cxb5
30.Ncxb5 Bf8 31.Bb6 Ra6 32.Bg1 h5 33.Rd8 Raa8 34.Bb6 Rxd8 35.Rxd8 Rxd8 36.Bxd8 Nd7
37.Bxa5 Nc5+ 38.Kc2 Bf5+ 39.Kd1 Nxa4 40.fxg4 hxg4 41.Ke1 Kf7 42.Bd1 Nb2 43.Bc3 Nd3+
44.Kf1 Ke6 45.Nc2 Bc5 46.Bd2 Nb2 47.Ke1 Nxc4 48.Bg5 Nb2 49.Ne3 Bb4+ 50.Kf2 Nxd1+
51.Nxd1 Bd3 52.Nbc3 Nd6 53.Be3 b5 54.Nb2 Bc2 55.Nbd1 Bxc3 56.Nxc3 b4  0-1

[Event "Wch U20 Girls"]
[Site "Mamaia"]
[Date "1991.??.??"]
[Round "?"]
[White "Lewandowska, Katarzyna"]
[Black "Berntsen, Sheila Barth"]
[Result "1-0"]
[WhiteElo "2125"]
[BlackElo "2165"]

1.d4 Nf6 2.Nf3 g6 3.c4 Bg7 4.Nc3 O-O 5.e4 d6 6.Be2 e5 7.dxe5 dxe5 8.Qxd8 Rxd8
9.Bg5 Nbd7 10.Rd1 Rf8 11.Be3 b6 12.O-O Bb7 13.b4 c5 14.b5 a6 15.Nd2 axb5
16.cxb5 Ra3 17.Ndb1 Ra7 18.f3 Bc8 19.a4 Nh5 20.g3 f5 21.Na3 f4 22.Bf2 fxg3
23.hxg3 Nhf6 24.Nc4 h5 25.Rd6 Rb7 26.Rfd1 g5 27.Rc6 Rb8 28.Nd6 Bb7 29.Rc7 Ba8
30.Nf5 Rbd8 31.Bc4+ Kh8 32.Nxg7 Kxg7 33.Be6 Rfe8 34.Bxd7 Re7 35.Rc8  1-0

[Event "Wch U20 Girls"]
[Site "Mamaia"]
[Date "1991.??.??"]
[Round "?"]
[White "Johansson, Victoria"]
[Black "Djeno, Mara"]
[Result "0-1"]
[WhiteElo "2160"]
[BlackElo "2190"]

1.d4 Nf6 2.c4 g6 3.Nc3 Bg7 4.e4 d6 5.Be2 O-O 6.Nf3 e5 7.O-O exd4 8.Nxd4 Re8
9.Bf3 c6 10.h3 Nbd7 11.Re1 Ne5 12.Be2 Ned7 13.Bf1 Nc5 14.Qf3 Nfxe4 15.Nxe4 Bxd4
16.Bg5 Qd7 17.Nf6+ Bxf6 18.Qxf6 Ne6 19.Bh6 Qe7 20.Rxe6 fxe6 21.Qf3 Qf7 22.Qg3 e5
23.Rd1 Qe7 24.Bg5 Qf8 25.Qh4 Bf5 26.Re1 Qf7 27.Re3 d5 28.Bf6 e4 29.g4 Be6
30.g5 Rf8 31.Qg3 Rae8 32.Bd4 Qf4 33.Bxa7 Qxg3+ 34.Rxg3 dxc4  0-1

[Event "Wch U20"]
[Site "Mamaia"]
[Date "1991.??.??"]
[Round "?"]
[White "Garcia Ilundain, David"]
[Black "Buckley, Graeme"]
[Result "1-0"]
[WhiteElo "2370"]
[BlackElo "2285"]

1.d4 Nf6 2.Nf3 g6 3.c4 Bg7 4.Nc3 O-O 5.e4 d6 6.Be2 e5 7.d5 a5 8.Bg5 h6 9.Bh4 Na6
10.Nd2 Kh8 11.a3 Bd7 12.O-O Qe8 13.b3 Ng8 14.f3 f5 15.Qb1 h5 16.Qb2 Bh6 17.exf5 gxf5
18.f4 Nf6 19.fxe5 dxe5 20.Rae1 Qg6 21.Nf3 Rae8 22.Bd1 Nc5 23.Nxe5 Rxe5 24.Rxe5 Bg7
25.Qd2 Ng4 26.Re8 Qb6 27.Kh1 Qd6 28.Bxg4 fxg4 29.Rexf8+ Bxf8 30.Re1 Nxb3
31.Qg5 Qh6 32.Qd8 Nc5 33.Be7 Nd3 34.Rf1 Nf2+ 35.Kg1 Nh3+ 36.gxh3 Qe3+ 37.Kh1 Qxe7  1-0

[Event "Wch U20"]
[Site "Mamaia"]
[Date "1991.??.??"]
[Round "?"]
[White "Garcia Ilundain, David"]
[Black "Seres, Lajos"]
[Result "1-0"]
[WhiteElo "2370"]
[BlackElo "2305"]

1.d4 Nf6 2.Nf3 g6 3.c4 Bg7 4.Nc3 O-O 5.e4 d6 6.Be2 e5 7.O-O Na6 8.Be3 c6
9.d5 Ng4 10.Bg5 f6 11.Bc1 Nh6 12.c5 Nxc5 13.b4 Na6 14.Bxa6 bxa6 15.dxc6 Kh8
16.a4 Nf7 17.b5 f5 18.Qd5 Qf6 19.Nd2 Bh6 20.Nc4 Bxc1 21.Raxc1 f4 22.f3 g5
23.Qd3 g4 24.fxg4 Bxg4 25.b6 axb6 26.Nxb6 Rae8 27.Ncd5 Qg5 28.Nd7 Bxd7 29.cxd7 Rd8
30.Rc7 Rg8 31.Rf2 Qh4 32.Rf1 Rg7 33.Nb6 Rdg8 34.Rf2 Ng5 35.Rc8 Nh3+ 36.Qxh3 Qxh3
37.Rxg8+ Rxg8 38.d8=Q Qh6 39.Qc7 Qg6 40.Qc2  1-0

[Event "Wch U14"]
[Site "Mamaia"]
[Date "1991.??.??"]
[Round "4"]
[White "Gretarsson, Helgi Ass"]
[Black "Kaminski, Marcin"]
[Result "0-1"]
[WhiteElo "2260"]
[BlackElo "2305"]

1.d4 Nf6 2.c4 g6 3.Nc3 Bg7 4.e4 d6 5.Nf3 O-O 6.Be2 e5 7.dxe5 dxe5 8.Qxd8 Rxd8
9.Bg5 c6 10.Nxe5 Re8 11.O-O-O Na6 12.Rd6 Bf8 13.Rdd1 Nxe4 14.Nxe4 Rxe5 15.Rd8 Nc7
16.Bh6 Bf5 17.Rxa8 Nxa8 18.Nf6+ Kh8 19.Be3 Bg7 20.Ng4 Re8 21.h4 Nb6 22.Nh2 Na4
23.Rd1 Bxb2+ 24.Kd2 c5 25.g4 Be4 26.Ke1 Nc3 27.Rd7 Kg8 28.g5 Bc6 29.Rd2 Bc1
30.Rd3 Nxe2 31.Kxe2 h5 32.gxh6 f5 33.Ke1 Bxe3 34.fxe3 Kh7 35.Nf1 Re4 36.h5 gxh5
37.Ng3 Re5 38.Rd6 h4 39.Nf1 h3 40.Kd2 Re4 41.Rf6 Rh4 42.Nh2 Rg4 43.Kc3 Rg2
44.Nf1 Be4 45.Rf7+ Kxh6 46.Rf8 Kg7 47.Rc8 h2 48.Nxh2 Rxh2 49.Rxc5 Rxa2 50.Kd4 a5  0-1

[Event "Manila op"]
[Site "Manila"]
[Date "1991.??.??"]
[Round "?"]
[White "Sevillano, Enrico"]
[Black "Donguines, Fernie"]
[Result "1-0"]
[WhiteElo "2340"]
[BlackElo "2435"]

1.d4 Nf6 2.c4 g6 3.Nc3 Bg7 4.e4 d6 5.Nf3 O-O 6.Be2 e5 7.dxe5 dxe5 8.Qc2 Re8
9.Bg5 c6 10.h3 a5 11.O-O Nbd7 12.Rad1 Qc7 13.Be3 Nh5 14.Rfe1 Bf8 15.c5 Nf4
16.Na4 Nxe2+ 17.Rxe2 h6 18.Nd2 Bg7 19.Nc4 Rf8 20.Qd2 Kh7 21.Ncb6 Nxb6 22.cxb6 Qb8
23.Bc5 Be6 24.Bxf8 Qxf8 25.Qc3 Qe7 26.Nc5 Bf8 27.Nxe6 Qxe6 28.Qb3 Qxb3 29.axb3 Ra6
30.Rd7 Rxb6 31.Re3 Kg8 32.Rf3 Rb4 33.Rfxf7 Rxe4 34.Rf6  1-0

[Event "Manzanillo"]
[Site "Manzanillo"]
[Date "1991.??.??"]
[Round "1"]
[White "Medina, J."]
[Black "Ovalles, Otto"]
[Result "1-0"]
[WhiteElo "2320"]
[BlackElo "2260"]

1.d4 Nf6 2.c4 g6 3.Nc3 Bg7 4.e4 d6 5.Be2 O-O 6.Nf3 e5 7.O-O exd4 8.Nxd4 Re8
9.f3 c6 10.Be3 Na6 11.Qd2 Nc7 12.Rad1 d5 13.cxd5 cxd5 14.Ndb5 Be6 15.e5 Nd7
16.f4 Nxb5 17.Nxb5 Nb6 18.b3 f5 19.Rc1 Re7 20.Bc5 Rd7 21.Nd4 Kf7 22.g4 Bf8
23.gxf5 Bxf5 24.Bxf8 Kxf8 25.Bd3 Qe7 26.Bxf5 gxf5 27.Nxf5 Qe6 28.Nd4 Qg6+
29.Qg2  1-0